|
|
|
|
| LEADER |
00722nam a22001811a 4500 |
| 020 |
|
|
|a 9781856497275
|
| 082 |
|
|
|a 338.954 83
|b GOV/K
|
| 100 |
|
|
|a Govindan Parayil
|9 147203
|
| 245 |
|
|
|a Kerala:the development experience:
|b reflections on sustainability and replicability/
|c by Govindan Parayil
|
| 260 |
|
|
|a London:
|b Zed Books,
|c 2000.
|
| 300 |
|
|
|a 274p.
|
| 650 |
|
|
|a Sustainable Development Kerala
|9 147204
|
| 650 |
|
|
|a Economic Development Kerala
|9 147205
|
| 650 |
|
|
|a Economics
|9 147206
|
| 650 |
|
|
|a Social Sciences
|9 147207
|
| 942 |
|
|
|c BK
|
| 999 |
|
|
|c 23880
|d 23880
|
| 952 |
|
|
|0 0
|1 0
|4 0
|6 338_954000000000000_83_GOV_K
|7 0
|9 34084
|a SSUS
|b SSUS
|d 2015-01-08
|g 995.00
|l 6
|m 1
|o 338.954 83 GOV/K
|p 029655
|r 2017-08-02
|s 2017-07-07
|v 0.00
|w 2015-01-08
|y BK
|